Statistics for Empires by Territory.

Click here to take the quiz!

General Stats

  • This quiz has been taken 17 times
  • The average score is 7 of 25

Answer Stats

HintAnswer% Correct
13.7 million mi²British Empire
85%
2 million mi²Ottoman Empire
69%
1.9 million mi²Roman Empire
69%
1.3 million mi²French Empire (Colonial)
62%
4.4 million mi²French Empire (Republic)
62%
2.1 million mi²Achaemenid Empire (Persia)
54%
8.8 million mi²Russian Empire
46%
245 thousand mi²German Empire (Fuhrer)
38%
1.2 million mi²German Empire (Kaiser)
38%
3.3 million mi²Japanese Empire
31%
2.5 million mi²Ming Dynasty
31%
2.1 million mi²Portuguese Empire
31%
1.1 million mi²Byzantine Empire
23%
5.7 million mi²Qing Dynasty
15%
4.3 million mi²Abbasid Caliphate
8%
3.2 million mi²Brazilian Empire
8%
1.3 million mi²Chagatai
8%
2 million mi²Macedonian Empire
8%
2.5 million mi²Rashidun Caliphate
8%
5.4 million mi²Tang Dynasty
8%
4.3 million mi²Umayyad Caliphate
8%
1.2 million mi²Delhi Sultanate
0%
2.3 million mi²Golden Horde
0%
3.5 million mi²Xiognu Empire
0%
4.25 million mi²Yuan Dynasty
0%

Score Distribution

Percentile by Number Answered

Percent of People with Each Score

Your Score History

You have not taken this quiz